Colección legislativa hipotecaria y notarial (Record no. 53818)
[ view plain ]
| 000 -LEADER | |
|---|---|
| campo de control de longitud fija | 00903nam a2200205 i 4500 |
| 001 - NÚMERO DE CONTROL | |
| campo de control | 53818 |
| 003 - IDENTIFICADOR DE NÚMERO DE CONTROL | |
| campo de control | ES-MaACL |
| 005 - FECHA Y HORA DE LA ÚLTIMA TRANSACCIÓN | |
| campo de control | 20250809034227.0 |
| 007 - CAMPO FIJO DE DESCRIPCIÓN FÍSICA--INFORMACIÓN GENERAL | |
| campo de control de longitud fija | t| |
| 008 - DATOS DE LONGITUD FIJA--INFORMACIÓN GENERAL | |
| campo de control de longitud fija | 960709s1863 sp ||||1| spa d |
| 040 ## - FUENTE DE CATALOGACIÓN | |
| Centro catalogador/agencia de origen | CAM |
| Lengua de catalogación | spa |
| Centro/agencia transcriptor | CAM |
| 245 00 - MENCIÓN DEL TÍTULO | |
| Título | Colección legislativa hipotecaria y notarial |
| Resto del título | : que comprende todas las leyes, decretos, reales órdenes de la Dirección General del Registro de la Propiedad. |
| Número de parte o sección de la obra | T.I / |
| Mención de responsabilidad, etc. | publicada por Manuel Fernández Martín. |
| 260 ## - PUBLICACIÓN, DISTRIBUCIÓN, ETC. | |
| Lugar de publicación, distribución, etc. | Madrid : |
| Nombre del editor, distribuidor, etc. | [s.n.], |
| Fecha de publicación, distribución, etc. | 1863 ( |
| Fabricante | imprenta notarial e hipotecaria de los Sres. Martinez y Bogo) |
| 300 ## - DESCRIPCIÓN FÍSICA | |
| Extensión | 286 p. ; |
| Dimensiones | 25 cm. |
| 650 #4 - PUNTO DE ACCESO ADICIONAL DE MATERIA--TÉRMINO DE MATERIA | |
| Término de materia o nombre geográfico como elemento de entrada | Hipotecas- |
| Subdivisión geográfica | España- |
| Subdivisión de forma | Legislación. |
| 9 (RLIN) | 13366 |
| 650 04 - PUNTO DE ACCESO ADICIONAL DE MATERIA--TÉRMINO DE MATERIA | |
| Término de materia o nombre geográfico como elemento de entrada | Derecho notarial- |
| Subdivisión geográfica | España |
| 9 (RLIN) | 11745 |
| 700 1# - ENTRADA AGREGADA--NOMBRE PERSONAL | |
| Nombre de persona | Fernández Martín, Manuel, |
| Fechas asociadas al nombre | 1864-1902 |
| 9 (RLIN) | 49899 |
| 852 ## - LOCALIZACIÓN | |
| Ubicación | ES-MaACL |
| Número de control de estantería | T-250-F-4 |
| Nota libre | .- Anotación manuscrita: Al Ateneo su socio Enrique Veelay |
| Estatus retirado | Estado de pérdida | Estado de daño | No para préstamo | Colección | Biblioteca de origen | Biblioteca actual | Ubicación en estantería | Fecha de adquisición | Fuente de adquisición | Total de préstamos | Signatura topográfica completa | Código de barras | Visto por última vez | Precio de reemplazo | Tipo de ítem Koha |
|---|---|---|---|---|---|---|---|---|---|---|---|---|---|---|---|
| Colección de folletos | Biblioteca del Ateneo de Madrid | Biblioteca del Ateneo de Madrid | Depósito folletos | 17/01/2008 | T-250-F-4 | 1056559 | 23/02/2023 | 23/02/2023 | Folleto |
